The case writing workbook : a self-guided workshop /

Bibliographic Details
Main Author: Vega, Gina (Author)
Format: Book
Language:English
Published: London : Routledge, Taylor & Francis Group, 2015.
Subjects:

MARC

Tag First Indicator Second Indicator Subfields
LEADER 00000cam a2200000Ii 4500
001 in00003760821
005 20170927135546.0
008 150607s2015 enka bf 000 0 eng d
020 |a 9780765635495  |q (pbk. ;  |q alk. paper) 
020 |a 0765635496  |q (pbk. ;  |q alk. paper) 
035 |a (OCoLC)ocn910830485 
035 |a (OCoLC)910830485 
040 |a SITPL  |b eng  |e rda  |c SITPL  |d OCLCF  |d HEBIS  |d OCLCQ  |d TXA  |d UtOrBLW 
049 |a TXAM 
050 4 |a HF5718.3  |b .V44 2015 
100 1 |a Vega, Gina,  |e author.  |0 http://id.loc.gov/authorities/names/n00107610 
245 1 4 |a The case writing workbook :  |b a self-guided workshop /  |c Gina Vega. 
264 1 |a London :  |b Routledge, Taylor & Francis Group,  |c 2015. 
300 |a xiv, 266 pages :  |b illustrations ;  |c 28 cm 
336 |a text  |b txt  |2 rdacontent 
337 |a unmediated  |b n  |2 rdamedia 
338 |a volume  |b nc  |2 rdacarrier 
500 |a Originally published: Armonk, NY : M.E. Sharpe, ©2013. 
504 |a Includes bibliographical references. 
650 0 |a Case method.  |0 http://id.loc.gov/authorities/subjects/sh85020573 
650 0 |a Business writing  |v Handbooks, manuals, etc.  |0 http://id.loc.gov/authorities/subjects/sh2007102278 
650 7 |a Business writing.  |2 fast  |0 (OCoLC)fst00842936 
650 7 |a Case method.  |2 fast  |0 (OCoLC)fst00848153 
650 7 |0 (DE-588)4016370-2  |0 (DE-603)085038350  |a Fallmethode.  |2 gnd 
655 7 |a Handbooks and manuals.  |2 fast  |0 (OCoLC)fst01423877 
945 |a PromptCat 
994 |a C0  |b TXA 
948 |a cataloged  |b h  |c 2016/6/3  |d c  |e jlanham  |f 10:35:59 am 
999 f f |s 9f00411b-9145-35d1-ba8a-f4f1e4e17438  |i ffd83991-7545-3e62-a68d-8a6bd7034bab  |t 0 
952 f f |p normal  |a Texas A&M University  |b College Station  |c Sterling C. Evans Library  |d Evans: Library Stacks  |t 0  |e HF5718.3 .V44 2015  |h Library of Congress classification  |i unmediated -- volume  |m A14843405102 
998 f f |a HF5718.3 .V44 2015  |t 0  |l Evans: Library Stacks